000 00474nam a2200145Ia 4500
008 090124s9999 xx 000 0 und d
082 _b206897
245 _a श्रेष्ठ बाल कहानियाँ
250 _a1
260 _bबेरी मीनाक्षी
_c2004
300 _a104
630 _a श्रेष्ठ बाल कहानियाँ
730 _a श्रेष्ठ बाल कहानियाँ
942 _cBOOK
999 _c188893
_d188893